| 000 | 00511nam a22001337a 4500 | ||
|---|---|---|---|
| 003 | OSt | ||
| 005 | 20150905142745.0 | ||
| 008 | 150905b xxu||||| |||| 00| 0 eng d | ||
| 040 | _cRUA | ||
| 082 | _aAGR គង 1992 BOO3 Or.1 | ||
| 100 |
_934 _aការគ្រប់គ្រងមណ្ឌលកសិកម្ម រដ្ឋកម្ពុជា |
||
| 245 | _aការគ្រប់គ្រងមណ្ឌលអភិវត្តន៍កសិកម្ម រដ្ឋកម្ពុជា | ||
| 942 |
_2ddc _cAGR |
||
| 999 |
_c32 _d32 |
||